000 00212nam a22001097a 4500
100 _aNurberg, Maxwell
245 _aAll About Words
250 _a2000
260 _bGoyal Pub.
300 _a416
942 _2ddc
_cBK
999 _c11696
_d11696